000 00943nam0a22002531 4500
001 rc\990759
005 20250622070715.0
035 _a(NLR Aleph) 006158003
090 _a5832655
_c5832655
100 _a20041129d1981 |||y0rusy50 ca
101 0 _arus
102 _aRU
105 _ay |||||||||
200 1 _aУдобрение сельскохозяйственных культур в Таджикистане
_fХ.Д. Джуманкулов, У.Р. Рахматджанов, Б.А. Сушеница
210 _aДушанбе
_cИрфон
_d1981
215 _a176 с.
_d20
700 1 _aДжуманкулов
_bХ.Д.
_gХайдар Джуманкулович
701 1 _aРахматджанов
_bУ.Р.
_gУмар Рахматджанович
701 1 _aСушеница
_bБ.А.
_gБорис Алексеевич
801 0 _aRU
_bNLR
_gpsbo
801 1 _aRU
_bELAR
_2rusmarc
852 _aNLR
_j81-3/9342
942 _cBOOK
980 _aNB